[Event "Shandong zt 3.5"]
[Site "Shandong"]
[Date "2007.05.04"]
[Round "7"]
[White "Tian, Bohan"]
[Black "Gu, Xiaobing"]
[Result "0-1"]
[WhiteElo "2249"]
[BlackElo "2351"]
[PlyCount "116"]
[EventDate "2007.04.28"]
[EventType "swiss"]
[EventRounds "9"]
[EventCountry "CHN"]
[SourceTitle "CBM 118 Extra"]
[Source "ChessBase"]
[SourceDate "2007.07.04"]
[SourceVersion "1"]
[SourceVersionDate "2007.07.04"]
[SourceQuality "1"]

1. e4 c5 2. Nf3 d6 3. d4 cxd4 4. Nxd4 Nf6 5. Nc3 a6 6. Be2 e5 7. Nb3 Be7 8. 0-0 0-0 9. Be3 Be6 10. Qd2 Qc7 11. Nd5 Bxd5 12. exd5 Nbd7 13. c4 Ne4 14. Qc2 Nec5 15. Nd2 a5 16. b3 f5 17. f3 Qd8 18. a3 Bg5 19. Qc3 Qf6 20. Bxg5 Qxg5 21. Rae1 Nf6 22. Rf2 Nh5 23. Bf1 Rf6 24. b4 axb4 25. axb4 Nd7 26. g3 b6 27. Ra1 Rxa1 28. Qxa1 Qe3 29. Qd1 Rg6 30. Qc2 e4 31. fxe4 f4 32. Qa4 Nf8 33. Bg2 fxg3 34. hxg3 Nxg3 35. Qd1 Nh1 36. Qe2 Qxf2+ 37. Qxf2 Nxf2 38. Kxf2 Nd7 39. Nf3 Rf6 40. Ke3 Kf8 41. Ng5 Rg6 42. Ne6+ Ke7 43. Bf1 Rg3+ 44. Kd4 h5 45. c5 bxc5+ 46. bxc5 dxc5+ 47. Nxc5 Nxc5 48. Kxc5 Rc3+ 49. Kd4 Rc1 50. Be2 h4 51. e5 h3 52. d6+ Kf7 53. Bg4 h2 54. e6+ Kf6 55. e7 h1Q 56. e8Q Qg1+ 57. Kd3 Qg3+ 58. Qe3 Rc3+ 0-1

[Event "Shandong zt 3.5"]
[Site "Shandong"]
[Date "2007.05.03"]
[Round "6"]
[White "Wang, Xiaohui"]
[Black "Tian, Bohan"]
[Result "0-1"]
[WhiteElo "2190"]
[BlackElo "2249"]
[PlyCount "78"]
[EventDate "2007.04.28"]
[EventType "swiss"]
[EventRounds "9"]
[EventCountry "CHN"]
[SourceTitle "CBM 118 Extra"]
[Source "ChessBase"]
[SourceDate "2007.07.04"]
[SourceVersion "1"]
[SourceVersionDate "2007.07.04"]
[SourceQuality "1"]

1. d4 d5 2. c4 c6 3. Nf3 e6 4. e3 Bd6 5. Nc3 f5 6. b3 Nf6 7. Bb2 0-0 8. Bd3 Ne4 9. 0-0 Nd7 10. Ne2 Qf6 11. a4 b6 12. Ba3 Bxa3 13. Rxa3 Bb7 14. a5 c5 15. Qc2 Kh8 16. Rfa1 dxc4 17. bxc4 Nd6 18. axb6 axb6 19. Rxa8 Bxa8 20. Ra7 Bc6 21. Qa2 Rd8 22. Qa1 h6 23. Ne1 Kh7 24. Nf4 cxd4 25. exd4 Kg8 26. h3 g5 27. Nh5 Qf8 28. d5 exd5 29. cxd5 Bb7 30. Ba6 Bxa6 31. Qxa6 Qf7 32. Qe2 Re8 33. Qd1 Re7 34. Nd3 Ne4 35. Ra8+ Re8 36. Rxe8+ Qxe8 37. Nb4 Nc3 38. Qf3 Qe1+ 39. Kh2 Ne2 0-1

[Event "Shandong zt 3.5"]
[Site "Shandong"]
[Date "2007.04.30"]
[Round "3"]
[White "Tian, Bohan"]
[Black "Yu, Lie"]
[Result "0-1"]
[WhiteElo "2249"]
[BlackElo "2325"]
[PlyCount "54"]
[EventDate "2007.04.28"]
[EventType "swiss"]
[EventRounds "9"]
[EventCountry "CHN"]
[SourceTitle "CBM 118 Extra"]
[Source "ChessBase"]
[SourceDate "2007.07.04"]
[SourceVersion "1"]
[SourceVersionDate "2007.07.04"]
[SourceQuality "1"]

1. e4 e6 2. d4 d5 3. Nd2 Nc6 4. Ngf3 Nf6 5. e5 Nd7 6. c3 f6 7. exf6 Qxf6 8. Be2 Bd6 9. 0-0 Nf8 10. Re1 Bd7 11. Nb3 h6 12. Nc5 0-0-0 13. b4 g5 14. Bb5 g4 15. Nd2 Bxc5 16. bxc5 h5 17. Rb1 Ng6 18. Nf1 e5 19. Be3 h4 20. Qb3 Bf5 21. Rb2 h3 22. gxh3 Nh4 23. Be2 Nf3+ 24. Bxf3 gxf3 25. Qxb7+ Kd7 26. Qb3 Be6 27. Qd1 e4 0-1

[Event "Shandong zt 3.5"]
[Site "Shandong"]
[Date "2007.04.28"]
[Round "1"]
[White "Wang, Rui"]
[Black "Tian, Bohan"]
[Result "1-0"]
[WhiteElo "2482"]
[BlackElo "2249"]
[PlyCount "95"]
[EventDate "2007.04.28"]
[EventType "swiss"]
[EventRounds "9"]
[EventCountry "CHN"]
[SourceTitle "CBM 118 Extra"]
[Source "ChessBase"]
[SourceDate "2007.07.04"]
[SourceVersion "1"]
[SourceVersionDate "2007.07.04"]
[SourceQuality "1"]

1. d4 d5 2. c4 c6 3. Nf3 e6 4. e3 Bd6 5. Bd3 f5 6. 0-0 Nf6 7. b3 Qe7 8. Bb2 0-0 9. Qc1 b6 10. Ba3 Bb7 11. Bxd6 Qxd6 12. Qa3 Qxa3 13. Nxa3 Na6 14. Rfc1 Nb4 15. Bf1 a5 16. Nc2 h6 17. a3 Nxc2 18. Rxc2 Nd7 19. cxd5 exd5 20. g3 g6 21. Rac1 Rac8 22. Ne1 Ra8 23. Nd3 Kf7 24. h3 Ke7 25. Nf4 Rf6 26. g4 Kd6 27. Kh2 Rg8 28. Bd3 Nf8 29. gxf5 gxf5 30. Nh5 Rf7 31. b4 axb4 32. axb4 Rg5 33. Nf4 Ne6 34. Ba6 Ba8 35. Nxe6 Kxe6 36. Bc8+ Kd6 37. Ra2 Bb7 38. Ra7 Rgg7 39. Rg1 Rxg1 40. Kxg1 Rc7 41. Bxb7 Ke7 42. Kg2 Kf6 43. Kg3 Kg5 44. Ra8 Rxb7 45. Rc8 c5 46. bxc5 bxc5 47. Rxc5 Rd7 48. Rc6 1-0